000 00746cab a2200229 4500
001 X2433
008 090401t1995 xxu||||| |||| 00| 0 eng d
035 _a(Sirsi) u24201
041 _aeng
245 _aFriends Provident Life Office v British Railways Board
260 _c1995
350 _a0
490 _aNew Property Cases
_v(1995) NPC 143
520 _aCA 25 July 1995. "Centrovinical" and "Selous Street" laid to rest: liability of covenantee on personal covenant after assignment. Not to be photocopied.
650 _aASSIGNMENT
650 _aBUSINESS TENANCIES
650 _aDEED OF VARIATION
650 _aPERSONAL COVENANT
690 _aLANDLORD AND TENANT-CASE LAW-BUSINESS TENANCIES
942 _n0
948 _c04/03/1997
999 _c16217
_d16217